| 000 | 00368nam a22001217a 4500 | ||
|---|---|---|---|
| 999 |
_c774 _d774 |
||
| 005 | 20200818101713.0 | ||
| 008 | 200818b ||||| |||| 00| 0 eng d | ||
| 020 | _a14544 | ||
| 040 | _cCML | ||
| 245 |
_aPlanning Education for African Development. _cJolly, R. |
||
| 260 |
_aNairobi _bEast African Publishing House _c1969 |
||
| 942 |
_2ddc _cBK _h371.2096 _mJOL |
||